Guía sonora de las aves del departamento de Norte de Santander : (Registro nro. 4233)

Detalles MARC
000 -CABECERA
Campo de control 00845nim a2200217 a 4500
005 - FECHA Y HORA DE LA ULTIMA TRANSACCION
Campo de control 20170215120801.0
008 - ELEMENTOS DE LONGITUD FIJA—INFORMACION GENERAL
Campo de control 140123b2003 ck ||||| |||| 00| 0 spa d
040 ## - FUENTE DE CATALOGACIÓN
Agencia catalogadora original CO-BoIAVH
Agencia transcriptora CO-BoIAVH
041 ## - IDIOMA
Código de idioma para texto/pista de sonido o título separado Español
090 ## - CLASIFICACIÓN LOCAL
Colección S-
Consecutivo 0003
100 1# - ASIENTO PRINCIPAL--NOMBRE PERSONAL
Nombre personal Córdoba Córdoba, Sergio
Término relacionado autor
245 10 - MENCION DE TITULO
Título Guía sonora de las aves del departamento de Norte de Santander :
Parte restante del título Cucutilla, Toledo y Parque Nacional Natural Tamá
257 ## - PAIS DE LA ENTIDAD PRODUCTORA DE FILMES DE ARCHIVO
País de la entidad productora Colombia
264 ## - Producción, Publicación, Distribución, Fabricación y Aviso de copyright
Lugar de producción, publicación, etc Bogotá:
Nombre del productor, editor, etc. Instituto de Investigación de Recursos Biológicos Alexander von Humboldt. Colección de Sonidos Ambientales
Fecha de la producción, publicación, etc. 2003.
300 ## - DESCRIPCION FISICA
Extensión 1 DVD
Otros detalles físicos 51 archivos sonoros
650 1# - ASIENTO SECUNDARIO DE MATERIA - TERMINO TEMATICO
Término temático o nombre geográfico como elemento de entrada Aves
Subdivisión geográfica Santander (Dpto)
-- Colombia
650 ## - ASIENTO SECUNDARIO DE MATERIA - TERMINO TEMATICO
Término temático o nombre geográfico como elemento de entrada Canto de aves
Subdivisión geográfica Santander (Dpto)
-- Colombia
700 1# - ASIENTO SECUNDARIO - NOMBRE PERSONAL
Nombre personal Alvarez Rebolledo, Mauricio
Término de relación autor
942 ## - ELEMENTOS ADICIONALES (KOHA)
Tipo de ítem DVD
Sistema de clasificación Local
945 ## - PROCESAMIENTO LOCAL
AAAA-MM-DD - Fecha de ingreso o modificacion 2004-10-20
Existencias
Withdrawn status Lost status Sistema de Clasificación Damaged status No para préstamo Colección Ubicación Permanente Ubicación actual Fecha de adquisición Fuente de adquisición Total Checkouts Número topográfico Inventario / Código de Barras Date last seen Ejemplar Price effective from Forma de adquisición Tipo de material
    Local   No para Préstamo Audiovisual Bogotá Bogotá 04/12/2012 Banco de Sonidos Ambientales   S-0003 018330 04/12/2012 Ej. 6 04/12/2012 Institucional DVD
    Local     Audiovisual Bogotá Bogotá 04/12/2012 Colección de Sonidos Ambientales   S-0003 018378 04/12/2012 Ej. 1 04/12/2012 Institucional DVD
    Local   No para Préstamo Audiovisual Bogotá Bogotá 04/12/2012 Banco de Sonidos Ambientales   S-0003 018379 04/12/2012 Ej. 9 04/12/2012 Institucional DVD
    Local   No para Préstamo Audiovisual Bogotá Bogotá 04/12/2012 Banco de Sonidos Ambientales   S-0003 018380 04/12/2012 Ej. 8 04/12/2012 Institucional DVD
    Local   No para Préstamo Audiovisual Bogotá Bogotá 04/12/2012 Banco de Sonidos Ambientales   S-0003 018381 04/12/2012 Ej. 7 04/12/2012 Institucional DVD
    Local     Humboldt Bogotá Bogotá 04/12/2012 Banco de Sonidos Ambientales   IAvH-00306 018382 04/12/2012 Ej. 3 04/12/2012   DVD
    Local     Audiovisual Bogotá Bogotá 15/02/2017     S-0003 042450 15/02/2017 Ej. 2 15/02/2017 Institucional DVD
    Local   No para Préstamo Audiovisual Bogotá Bogotá 15/02/2017     S-0003 042451 15/02/2017 Ej. 4 15/02/2017 Institucional DVD
    Local   No para Préstamo Audiovisual Bogotá Bogotá 15/02/2017     S-0003 042452 15/02/2017 Ej. 5 15/02/2017 Institucional DVD